[Event "IIFL Wealth  4th Mumbai Junior U-13"]
[Site "Mumbai"]
[Date "2019.01.02"]
[Round "4"]
[White "Gukesh D"]
[Black "Shah Jeet"]
[Result "1-0"]
[WhiteElo "2466"]
[BlackElo "1904"]
[Annotator "TA"]
[PlyCount "79"]
[EventDate "2018.12.30"]
[EventType "swiss"]
[EventCountry "IND"]
[SourceTitle "playchess.com"]
[Source "ChessBase"]
[SourceQuality "1"]

1. Nf3 d5 2. g3 Nf6 3. Bg2 Bf5 4. O-O e6 5. d3 h6 6. c4 c6 7. cxd5 exd5 8. Nc3 Be7 9. Nd4 Bg6 10. e4 O-O 11. Re1 Re8 12. e5 Nfd7 13. Bh3 Bc5 14. Nf3 d4 15. Ne4 Bb4 16. Bd2 Bxd2 17. Nexd2 Nc5 18. Nc4 Nxd3 19. Re2 Qd5 20. Nd6 Nxe5 21. Nxe8 Nxf3+ 22. Kh1 Nh4+ 23. f3 Qxf3+ 24. Kg1 Na6 25. Qxd4 f6 26. Qd7 Bxe8 27. Rxe8+ Rxe8 28. Qxe8+ Kh7 29. Rf1 Qd3 30. Qh5 Qe3+ 31. Rf2 Qe1+ 32. Bf1 Ng6 33. Qf5 Nb4 34. h4 Qe5 35. Qf3 Nd5 36. Bd3 h5 37. Re2 Qd4+ 38. Kh2 Kh6 39. Re8 Qxb2+ 40. Be2 1-0

[Event "IIFL Wealth  4th Mumbai Junior U-13"]
[Site "Mumbai"]
[Date "2019.01.02"]
[Round "4"]
[White "Divya Deshmukh"]
[Black "Ayush Sharma"]
[Result "0-1"]
[WhiteElo "2190"]
[BlackElo "1778"]
[Annotator "TA"]
[PlyCount "86"]
[EventDate "2018.12.30"]
[EventType "swiss"]
[EventCountry "IND"]
[SourceTitle "playchess.com"]
[Source "ChessBase"]
[SourceQuality "1"]

1. e4 e6 2. Nf3 d5 3. Nc3 d4 4. Ne2 c5 5. c3 Nf6 6. d3 Nc6 7. Ng3 Bd6 8. Be2 O-O 9. O-O Rb8 10. Nd2 b5 11. f4 e5 12. f5 dxc3 13. bxc3 b4 14. c4 Nd4 15. Nf3 Nd7 16. Nh5 Be7 17. Nxd4 cxd4 18. Qe1 Bh4 19. Qd2 h6 20. Rf3 Rb6 21. Rh3 a5 22. Qd1 Nc5 23. Bf1 a4 24. Qg4 Bg5 25. Bxg5 hxg5 26. Ng3 g6 27. a3 bxa3 28. Rxa3 Rb3 29. Ra1 Kg7 30. Ne2 Rxd3 31. Rxd3 Nxd3 32. Qg3 Nf4 33. Rxa4 d3 34. Nxf4 d2 35. f6+ Kg8 36. Nd5 d1=Q 37. Ra8 Qd6 38. Ra5 Be6 39. Qxg5 Qd4+ 40. Ne3 Rb8 41. Kh1 Qxe4 42. Ra6 Qd8 43. c5 Qf4 0-1

[Event "IIFL Wealth  4th Mumbai Junior U-13"]
[Site "Mumbai"]
[Date "2019.01.02"]
[Round "4"]
[White "Pranesh M"]
[Black "Bhagyashree Patil"]
[Result "0-1"]
[WhiteElo "2125"]
[BlackElo "1758"]
[Annotator "NA"]
[PlyCount "116"]
[EventDate "2018.12.30"]
[EventType "swiss"]
[EventCountry "IND"]
[SourceTitle "playchess.com"]
[Source "ChessBase"]
[SourceQuality "1"]

1. e4 e5 2. Nf3 Nc6 3. d4 exd4 4. Bc4 Nf6 5. O-O Nxe4 6. Re1 d5 7. Bxd5 Qxd5 8. Nc3 Qa5 9. Nxe4 Be6 10. Bd2 Qd5 11. Bg5 Be7 12. Bxe7 Nxe7 13. Nxd4 O-O-O 14. Nxe6 Qxe6 15. Qf3 Qf5 16. Qc3 Nd5 17. Qxg7 Rhg8 18. Qh6 Rg6 19. Qh4 Rg4 20. Ng3 Qg6 21. Qxd8+ Kxd8 22. Rad1 c6 23. h3 Rf4 24. Ne2 Re4 25. f3 Re8 26. Rd2 Kc8 27. Kf2 Qg5 28. Rd3 Nf4 29. Nxf4 Rxe1 30. Kxe1 Qxf4 31. Kd1 Qh2 32. g4 Qxh3 33. Kd2 f5 34. gxf5 Qxf5 35. c3 h5 36. Ke3 Qe5+ 37. Kf2 h4 38. f4 Qxf4+ 39. Rf3 Qd2+ 40. Kg1 Qxb2 41. Rh3 Qxa2 42. Rxh4 Qa1+ 43. Kg2 Qxc3 44. Rh3 Qxh3+ 45. Kxh3 a5 46. Kh4 a4 47. Kg5 a3 48. Kg6 a2 49. Kf7 a1=Q 50. Ke6 Qd1 51. Ke5 b5 52. Kf4 b4 53. Ke4 b3 54. Ke3 b2 55. Kf4 b1=Q 56. Ke3 Qa4 57. Kd2 Qbb3 58. Kc1 Qf4# 0-1

[Event "IIFL Wealth  4th Mumbai Junior U-13"]
[Site "Mumbai"]
[Date "2019.01.02"]
[Round "4"]
[White "Kadam Om Manish"]
[Black "Srihari L R"]
[Result "0-1"]
[WhiteElo "1944"]
[BlackElo "2316"]
[Annotator "TA"]
[PlyCount "98"]
[EventDate "2018.12.30"]
[EventType "swiss"]
[EventCountry "IND"]
[SourceTitle "playchess.com"]
[Source "ChessBase"]
[SourceQuality "1"]

1. b3 d5 2. Bb2 Bg4 3. f3 Bf5 4. e3 Nd7 5. f4 f6 6. Nf3 c6 7. c4 Bg6 8. Nc3 e6 9. d4 Bd6 10. Bd3 Ne7 11. O-O O-O 12. Bxg6 Nxg6 13. f5 exf5 14. cxd5 cxd5 15. Nxd5 Ne7 16. Nc3 Nb6 17. Qd3 g6 18. e4 fxe4 19. Qxe4 Qd7 20. a3 Rae8 21. Qd3 Nf5 22. Rfe1 Bf4 23. Kh1 Ne3 24. Bc1 Ng4 25. Rf1 Ne3 26. Re1 Ned5 27. Bxf4 Nxf4 28. Qd2 Qf5 29. Rad1 Nbd5 30. Nxd5 Nxd5 31. Rxe8 Rxe8 32. Re1 Rxe1+ 33. Qxe1 Kf7 34. Qc1 Qd3 35. Qc4 Qxc4 36. bxc4 Ne3 37. Nd2 Nc2 38. d5 Nxa3 39. Kg1 a5 40. Kf2 Nc2 41. Ke2 Nb4 42. Ke3 a4 43. Kd4 Ke7 44. Kc5 Nc2 45. Kb6 a3 46. Kc7 Nd4 47. Nb3 Nxb3 48. d6+ Kf7 49. d7 Nc5 0-1

[Event "IIFL Wealth  4th Mumbai Junior U-13"]
[Site "Mumbai"]
[Date "2019.01.02"]
[Round "4"]
[White "Zia, Tahsin Tajwar"]
[Black "Abhyuday Santhosh"]
[Result "1-0"]
[WhiteElo "1925"]
[BlackElo "1409"]
[Annotator "NA"]
[PlyCount "97"]
[EventDate "2018.12.30"]
[EventType "swiss"]
[EventCountry "IND"]
[SourceTitle "playchess.com"]
[Source "ChessBase"]
[SourceQuality "1"]

1. d4 d5 2. Bf4 Nf6 3. e3 c5 4. Nf3 Nc6 5. Nbd2 cxd4 6. exd4 Bf5 7. c3 e6 8. Qb3 Qc8 9. a4 Be7 10. a5 a6 11. Be2 Bg6 12. h3 h6 13. O-O O-O 14. Rfc1 Qd8 15. Qxb7 Nxa5 16. Rxa5 Qxa5 17. Qxe7 Qb6 18. Qa3 Rfc8 19. Ra1 Ne4 20. Nxe4 Bxe4 21. Nd2 Bc2 22. Rc1 Bg6 23. Nb3 f6 24. Nc5 Be8 25. Ra1 Bb5 26. Bxb5 axb5 27. Qxa8 Rxa8 28. Rxa8+ Kh7 29. b4 Kg6 30. g4 h5 31. Ra6 Qd8 32. Rxe6 Qa8 33. Kg2 Qa1 34. Re3 hxg4 35. hxg4 Qd1 36. Rg3 Kf7 37. g5 fxg5 38. Rxg5 Qe2 39. Be5 g6 40. Rg3 Qc2 41. Rf3+ Ke7 42. Bg3 Qd1 43. Re3+ Kf7 44. Nd7 Qc2 45. Bh4 Kg7 46. Bf6+ Kh7 47. Ne5 Kg8 48. Rh3 Qe4+ 49. Kg3 1-0

[Event "IIFL Wealth  4th Mumbai Junior U-13"]
[Site "Mumbai"]
[Date "2019.01.02"]
[Round "4"]
[White "Savitha Shri B"]
[Black "Vivaan Vijay Saraogi"]
[Result "0-1"]
[WhiteElo "1894"]
[BlackElo "1290"]
[Annotator "NA"]
[PlyCount "84"]
[EventDate "2018.12.30"]
[EventType "swiss"]
[EventCountry "IND"]
[SourceTitle "playchess.com"]
[Source "ChessBase"]
[SourceQuality "1"]

1. Nf3 Nf6 2. g3 d5 3. d4 e6 4. Bg2 Be7 5. O-O O-O 6. b3 b6 7. Bb2 Bb7 8. Ne5 Nbd7 9. f4 c5 10. e3 Ne4 11. Nd2 Ndf6 12. Qe2 Nxd2 13. Qxd2 Rc8 14. Rad1 Ba6 15. Rfe1 Qc7 16. Rc1 Rfd8 17. Qf2 Bf8 18. g4 Ne4 19. Bxe4 dxe4 20. c4 f6 21. Qg2 fxe5 22. fxe5 Bb7 23. g5 g6 24. Rf1 Bg7 25. Rfd1 Rf8 26. Qg4 Rce8 27. b4 Rf3 28. bxc5 bxc5 29. Ba3 cxd4 30. Bd6 Qa5 31. exd4 Qxa2 32. d5 Qe2 33. Qh4 exd5 34. cxd5 Bxe5 35. Bxe5 Rxe5 36. d6 Qe3+ 37. Kh1 Qxg5 38. Qxg5 Rxg5 39. Rb1 Bd5 40. Rb5 Rd3 41. Rc1 e3+ 42. Rxd5 Rgxd5 0-1

[Event "IIFL Wealth  4th Mumbai Junior U-13"]
[Site "Mumbai"]
[Date "2019.01.02"]
[Round "4"]
[White "Potawad Anirudhha"]
[Black "Renganayaki V"]
[Result "1/2-1/2"]
[WhiteElo "1849"]
[BlackElo "1376"]
[Annotator "NA RC"]
[PlyCount "84"]
[EventDate "2018.12.30"]
[EventType "swiss"]
[EventCountry "IND"]
[SourceTitle "playchess.com"]
[Source "ChessBase"]
[SourceQuality "1"]

1. e4 c5 2. Nf3 g6 3. c3 Bg7 4. d4 cxd4 5. cxd4 d5 6. e5 Bg4 7. Bb5+ Nd7 8. Nc3 e6 9. O-O Ne7 10. h3 Bxf3 11. Qxf3 O-O 12. Bg5 h6 13. Be3 a6 14. Ba4 b5 15. Bb3 Nb6 16. a3 Rc8 17. Rfd1 Nc6 18. Qe2 Na5 19. Ba2 Nac4 20. Bxc4 Nxc4 21. Rac1 Qb6 22. Nb1 b4 23. a4 b3 24. Rc3 Qb4 25. Rdc1 Qxa4 26. Nd2 Nb6 27. Nxb3 Rxc3 28. Rxc3 Nc4 29. Nc5 Qa1+ 30. Rc1 Qxb2 31. Qxb2 Nxb2 32. Nxa6 Nc4 33. Rb1 Ra8 34. Rb8+ Rxb8 35. Nxb8 Kf8 36. Kf1 h5 37. Bg5 Ke8 38. Ke2 Bf8 39. Kd3 Be7 40. Bxe7 Kxe7 41. Kc3 Kd8 42. Nc6+ Kc7 1/2-1/2

[Event "IIFL Wealth  4th Mumbai Junior U-13"]
[Site "Mumbai"]
[Date "2019.01.02"]
[Round "4"]
[White "Larmet, Nino"]
[Black "Dawda Vihaan"]
[Result "1-0"]
[WhiteElo "1835"]
[BlackElo "1212"]
[Annotator "NA RC"]
[PlyCount "103"]
[EventDate "2018.12.30"]
[EventType "swiss"]
[EventCountry "IND"]
[SourceTitle "playchess.com"]
[Source "ChessBase"]
[SourceQuality "1"]

1. e4 e5 2. Nf3 Nc6 3. Bb5 a6 4. Ba4 Nf6 5. d3 b5 6. Bb3 Be7 7. O-O O-O 8. Re1 d6 9. c3 Na5 10. Bc2 c5 11. Nbd2 Nc6 12. Nf1 Re8 13. d4 cxd4 14. cxd4 Bg4 15. Be3 exd4 16. Bxd4 Bxf3 17. gxf3 Rc8 18. Bb3 Bf8 19. Be3 g6 20. Bg5 Bg7 21. Ne3 Ne7 22. Qd2 Qb6 23. Red1 Red8 24. Rac1 Rxc1 25. Rxc1 Qa7 26. Rd1 Qd7 27. e5 Ne8 28. Bf4 Qh3 29. exd6 Qxf3 30. Bg3 Nf6 31. Qa5 Nc6 32. Qc7 Ne8 33. Bxf7+ Qxf7 34. Qxc6 Nf6 35. Qxa6 Ne4 36. Qxb5 Qf3 37. Qd5+ Kh8 38. d7 Bxb2 39. Be5+ Bxe5 40. Qxe5+ Kg8 41. Qe8+ Kg7 42. Qe7+ Kh6 43. Qh4+ Kg7 44. Qe7+ Kh6 45. Qh4+ Kg7 46. Rd4 Nf6 47. Ng4 Ne4 48. Qe7+ Kg8 49. Qxd8+ Kg7 50. Qe7+ Kg8 51. d8=Q+ Qf8 52. Qexf8# 1-0

[Event "IIFL Wealth  4th Mumbai Junior U-13"]
[Site "Mumbai"]
[Date "2019.01.02"]
[Round "4"]
[White "Krishnan Ritvik"]
[Black "Jadhav Jyotiraditya"]
[Result "1-0"]
[WhiteElo "1812"]
[BlackElo "1358"]
[Annotator "NA RC"]
[PlyCount "67"]
[EventDate "2018.12.30"]
[EventType "swiss"]
[EventCountry "IND"]
[SourceTitle "playchess.com"]
[Source "ChessBase"]
[SourceQuality "1"]

1. e4 c5 2. Nf3 e6 3. c3 Nf6 4. e5 Nd5 5. d4 cxd4 6. cxd4 d6 7. Bc4 Nb6 8. Bd3 Nc6 9. O-O Qc7 10. Re1 dxe5 11. dxe5 Be7 12. Nc3 a6 13. Qe2 Bd7 14. Bf4 h6 15. Rac1 g5 16. Bg3 h5 17. h3 O-O-O 18. Ne4 Rdg8 19. Nd6+ Bxd6 20. exd6 Qd8 21. Bxa6 Kb8 22. Ne5 Nxe5 23. Bxe5 f6 24. Qf3 Nd5 25. Rc7 Bc6 26. Qb3 fxe5 27. Bxb7 Qxc7 28. dxc7+ Kxc7 29. Rc1 Ne7 30. Bxc6 Nxc6 31. Qxe6 Re8 32. Qxc6+ Kb8 33. Qb6+ Ka8 34. Rc7 1-0

[Event "IIFL Wealth  4th Mumbai Junior U-13"]
[Site "Mumbai"]
[Date "2019.01.02"]
[Round "4"]
[White "Aditya Varun Gampa"]
[Black "Aaryan Varshney"]
[Result "0-1"]
[WhiteElo "1809"]
[BlackElo "2200"]
[Annotator "TA"]
[PlyCount "62"]
[EventDate "2018.12.30"]
[EventType "swiss"]
[EventCountry "IND"]
[SourceTitle "playchess.com"]
[Source "ChessBase"]
[SourceQuality "1"]

1. d4 Nf6 2. Bf4 d5 3. e3 c5 4. c3 e6 5. Nd2 Nc6 6. Ngf3 Bd6 7. Bg3 O-O 8. Bd3 b6 9. e4 Be7 10. e5 Nh5 11. Ng5 Bxg5 12. Qxh5 g6 13. Qe2 cxd4 14. h4 Bh6 15. h5 dxc3 16. bxc3 g5 17. Qg4 f5 18. exf6 Qxf6 19. Qf3 Qg7 20. Qe2 Qxc3 21. O-O Nd4 22. Qe3 Nf5 23. Bxf5 Qxe3 24. Bxh7+ Kxh7 25. fxe3 Ba6 26. Rxf8 Rxf8 27. Rc1 g4 28. Rc7+ Kg8 29. Be5 Bxe3+ 30. Kh2 Rf5 31. Bc3 Bf4+ 0-1

[Event "IIFL Wealth  4th Mumbai Junior U-13"]
[Site "Mumbai"]
[Date "2019.01.02"]
[Round "4"]
[White "Barde Om"]
[Black "Khairmode Aditya"]
[Result "1-0"]
[WhiteElo "1801"]
[BlackElo "1337"]
[Annotator "NA RC"]
[PlyCount "101"]
[EventDate "2018.12.30"]
[EventType "swiss"]
[EventCountry "IND"]
[SourceTitle "playchess.com"]
[Source "ChessBase"]
[SourceQuality "1"]

1. e4 e5 2. Nf3 Nf6 3. Nc3 Nc6 4. h3 d5 5. exd5 Nxd5 6. d3 Be6 7. Be2 Bc5 8. Ng5 Nxc3 9. bxc3 Bd5 10. Bf3 f6 11. Ne4 Bb6 12. O-O Qd7 13. Ba3 O-O-O 14. c4 Be6 15. Nc5 Bxc5 16. Bxc5 b6 17. Be3 Nd4 18. Bxd4 Qxd4 19. Qe2 f5 20. Rfd1 h6 21. Rac1 g5 22. c3 Qd6 23. Re1 Rhe8 24. Qxe5 Qxd3 25. Rcd1 Qxc4 26. Rxd8+ Kxd8 27. Qf6+ Kc8 28. Bh5 Bf7 29. Rxe8+ Bxe8 30. Bxe8 Kb7 31. Bf7 Qe4 32. Qd4 Qe7 33. Bd5+ c6 34. Bf3 Kc7 35. Kf1 Qa3 36. Qd2 Qa4 37. Kg1 g4 38. hxg4 fxg4 39. Bd1 Qe4 40. Bc2 Qe6 41. Bb3 Qf6 42. Qd4 Qg5 43. Qe3 Qf6 44. Qg3+ Kb7 45. Qd3 Qe7 46. Kf1 h5 47. Qf5 Qe8 48. Qf7+ Qxf7 49. Bxf7 h4 50. Be6 h3 51. gxh3 1-0

[Event "IIFL Wealth  4th Mumbai Junior U-13"]
[Site "Mumbai"]
[Date "2019.01.02"]
[Round "4"]
[White "Rajbeer Ahmed"]
[Black "Manish, Kumar"]
[Result "0-1"]
[WhiteElo "1550"]
[BlackElo "2132"]
[Annotator "TA"]
[PlyCount "128"]
[EventDate "2018.12.30"]
[EventType "swiss"]
[EventCountry "IND"]
[SourceTitle "playchess.com"]
[Source "ChessBase"]
[SourceQuality "1"]

1. d4 Nf6 2. Nf3 g6 3. g3 Bg7 4. c4 O-O 5. Bg2 d6 6. Nc3 Nc6 7. O-O Bg4 8. h3 Bxf3 9. Bxf3 Nd7 10. e3 e5 11. d5 Ne7 12. e4 f5 13. Bg5 Bf6 14. Bxf6 Nxf6 15. b4 Qd7 16. Kh2 Rf7 17. Qe2 Raf8 18. a4 f4 19. c5 g5 20. cxd6 cxd6 21. gxf4 exf4 22. e5 dxe5 23. Qxe5 Nf5 24. Bg4 Nxg4+ 25. hxg4 Re7 26. Qxf5 Rxf5 27. gxf5 Qxf5 28. d6 Rd7 29. Rad1 f3 30. Nd5 Qe5+ 31. Kg1 Qe6 32. Kh2 Qxd6+ 33. Kg1 Qxd5 34. Rxd5 Rxd5 35. Rc1 Rd7 36. Rc5 h6 37. Kh2 Kg7 38. Kg3 Rf7 39. Rd5 Kg6 40. b5 h5 41. Rd6+ Rf6 42. Rd7 h4+ 43. Kh3 Kf5 44. Rxb7 g4+ 45. Kh2 Kf4 46. a5 g3+ 47. fxg3+ hxg3+ 48. Kg1 Rf5 49. b6 axb6 50. axb6 Rb5 51. Rf7+ Ke3 52. Re7+ Kd4 53. Rd7+ Ke5 54. Rd1 Rxb6 55. Ra1 Kf4 56. Ra4+ Kg5 57. Ra1 Kh4 58. Ra4+ Kh3 59. Ra1 Rb2 60. Rf1 Rg2+ 61. Kh1 f2 62. Rxf2 Rxf2 63. Kg1 Rf3 64. Kh1 Rf1# 0-1

[Event "IIFL Wealth  4th Mumbai Junior U-13"]
[Site "Mumbai"]
[Date "2019.01.02"]
[Round "4"]
[White "Dhanvij Ansh"]
[Black "Manish Anto Cristiano F"]
[Result "1/2-1/2"]
[WhiteElo "1523"]
[BlackElo "2065"]
[Annotator "NA RC"]
[PlyCount "91"]
[EventDate "2018.12.30"]
[EventType "swiss"]
[EventCountry "IND"]
[SourceTitle "playchess.com"]
[Source "ChessBase"]
[SourceQuality "1"]

1. d4 d5 2. c4 c6 3. cxd5 cxd5 4. Nc3 Nc6 5. Bf4 Nf6 6. e3 e6 7. Nf3 Bd6 8. Bxd6 Qxd6 9. Bd3 a6 10. a4 O-O 11. O-O b6 12. Rc1 Bb7 13. Qe2 Rfc8 14. Rfd1 h6 15. Bb1 Nd7 16. e4 dxe4 17. Nxe4 Qe7 18. Ng3 Nb4 19. Nf5 Qf6 20. Nd6 Rxc1 21. Rxc1 Qf4 22. Rc7 Qxd6 23. Rxb7 Rc8 24. Qe1 Nf8 25. Kf1 Qf4 26. Qd2 Rc1+ 27. Ke2 Nd5 28. Bd3 Ra1 29. Qxf4 Nxf4+ 30. Kd2 Nxg2 31. Bxa6 Rxa4 32. Rxb6 Nd7 33. Rd6 Nf6 34. Rd8+ Kh7 35. Bd3+ g6 36. Rb8 Ng4 37. Rb7 Kg8 38. Kc3 Nxf2 39. Bc2 Ra8 40. Ne5 Rf8 41. b4 Nf4 42. b5 Nd5+ 43. Kb2 g5 44. Bb3 Ne4 45. Bxd5 exd5 46. Rd7 1/2-1/2

[Event "IIFL Wealth  4th Mumbai Junior U-13"]
[Site "Mumbai"]
[Date "2019.01.03"]
[Round "5"]
[White "Aaryan Varshney"]
[Black "Bhagyashree Patil"]
[Result "1-0"]
[WhiteElo "2200"]
[BlackElo "1758"]
[Annotator "TA"]
[PlyCount "67"]
[EventDate "2018.12.30"]
[EventType "swiss"]
[EventCountry "IND"]
[SourceTitle "playchess.com"]
[Source "ChessBase"]
[SourceQuality "1"]

1. d4 d5 2. c4 c6 3. Nf3 Nf6 4. Nc3 dxc4 5. a4 Bf5 6. e3 e6 7. Bxc4 Nbd7 8. O-O Be7 9. Qe2 Bg6 10. e4 O-O 11. Rd1 Qc7 12. Bg5 Rfe8 13. e5 Nd5 14. Bxd5 exd5 15. Bxe7 Rxe7 16. Nh4 Re6 17. f4 f5 18. Qc2 Qb6 19. g4 Qd8 20. Nxf5 h5 21. h3 hxg4 22. hxg4 Bxf5 23. Qxf5 Nf8 24. Kg2 g6 25. Qd3 Qh4 26. Qf3 Rae8 27. Rh1 Qd8 28. f5 R6e7 29. f6 Rc7 30. Rh6 Qc8 31. Rah1 a6 32. Ne2 Kf7 33. Nf4 b5 34. Qh3 1-0

[Event "IIFL Wealth  4th Mumbai Junior U-13"]
[Site "Mumbai"]
[Date "2019.01.03"]
[Round "5"]
[White "Manish, Kumar"]
[Black "Dhanvij Ansh"]
[Result "1-0"]
[WhiteElo "2132"]
[BlackElo "1523"]
[Annotator "TA"]
[PlyCount "79"]
[EventDate "2018.12.30"]
[EventType "swiss"]
[EventCountry "IND"]
[SourceTitle "playchess.com"]
[Source "ChessBase"]
[SourceQuality "1"]

1. e4 c6 2. d4 d5 3. Nc3 dxe4 4. Nxe4 Bf5 5. Ng3 Bg6 6. h4 h6 7. Nf3 Nd7 8. h5 Bh7 9. Bd3 Bxd3 10. Qxd3 Ngf6 11. Bd2 e6 12. O-O-O Be7 13. Ne4 Nxe4 14. Qxe4 Nf6 15. Qe2 Qd5 16. c4 Qe4 17. Qxe4 Nxe4 18. Be3 O-O 19. Ne5 Rfd8 20. g4 c5 21. f3 cxd4 22. Rxd4 Rxd4 23. Bxd4 Ng3 24. Re1 Bb4 25. Rd1 Bd6 26. Kd2 Rd8 27. Ke1 f6 28. Bc5 Bc7 29. Rxd8+ Bxd8 30. Nd3 Bc7 31. Bxa7 f5 32. Nc5 Kf7 33. Nxb7 fxg4 34. fxg4 Ne4 35. Ke2 Nf6 36. Kf3 Nd7 37. Bd4 Be5 38. Ke4 Bxd4 39. Kxd4 Kf6 40. b4 1-0

[Event "IIFL Wealth  4th Mumbai Junior U-13"]
[Site "Mumbai"]
[Date "2019.01.03"]
[Round "5"]
[White "Manish Anto Cristiano F"]
[Black "Pingale Shivraj"]
[Result "1-0"]
[WhiteElo "2065"]
[BlackElo "1580"]
[Annotator "NA RC"]
[PlyCount "93"]
[EventDate "2018.12.30"]
[EventType "swiss"]
[EventCountry "IND"]
[SourceTitle "playchess.com"]
[Source "ChessBase"]
[SourceQuality "1"]

1. d4 d5 2. c4 c6 3. Nc3 Nf6 4. e3 e6 5. Nf3 Bd6 6. Qc2 Nbd7 7. Bd3 O-O 8. O-O dxc4 9. Bxc4 b5 10. Be2 Bb7 11. e4 e5 12. Rd1 Qe7 13. dxe5 Bxe5 14. Nxe5 Nxe5 15. h3 Ned7 16. a3 a5 17. Be3 Rfc8 18. f3 b4 19. axb4 axb4 20. Rxa8 Bxa8 21. Na4 c5 22. Ba6 Rc6 23. Bb5 Rc8 24. b3 Bb7 25. Rc1 Qd8 26. Qd2 Qe7 27. Qf2 Qd8 28. Nxc5 Nxc5 29. Rxc5 Rxc5 30. Bxc5 Qd1+ 31. Kh2 Qxb3 32. Qd4 h6 33. e5 Nd5 34. Bc4 Qc3 35. Qe4 b3 36. e6 fxe6 37. Qxe6+ Kh8 38. Qe8+ Kh7 39. Qe4+ Kh8 40. Bd4 Qxc4 41. Bxg7+ Kxg7 42. Qxc4 b2 43. Qd4+ Kg6 44. Qxb2 Bc8 45. g4 Be6 46. Qe5 Kf7 47. f4 1-0

[Event "IIFL Wealth  4th Mumbai Junior U-13"]
[Site "Mumbai"]
[Date "2019.01.03"]
[Round "5"]
[White "Shah Jeet"]
[Black "Balkawade Sai"]
[Result "1-0"]
[WhiteElo "1904"]
[BlackElo "1482"]
[Annotator "NA RC"]
[PlyCount "34"]
[EventDate "2018.12.30"]
[EventType "swiss"]
[EventCountry "IND"]
[SourceTitle "playchess.com"]
[Source "ChessBase"]
[SourceQuality "1"]

1. e4 e6 2. d4 d5 3. Nc3 Bb4 4. e5 c5 5. a3 Bxc3+ 6. bxc3 Ne7 7. Qg4 Qc7 8. Qxg7 Rg8 9. Qxh7 cxd4 10. Ne2 Nbc6 11. f4 Bd7 12. Qd3 dxc3 13. Nxc3 a6 14. Rb1 Na5 15. Rg1 Rc8 16. Bd2 Nc4 17. Ne2 Bb5 1-0

[Event "IIFL Wealth  4th Mumbai Junior U-13"]
[Site "Mumbai"]
[Date "2019.01.03"]
[Round "5"]
[White "Jain Kashish Manoj"]
[Black "Gukesh D"]
[Result "1-0"]
[WhiteElo "1853"]
[BlackElo "2466"]
[Annotator "TA"]
[PlyCount "94"]
[EventDate "2018.12.30"]
[EventType "swiss"]
[EventCountry "IND"]
[SourceTitle "playchess.com"]
[Source "ChessBase"]
[SourceQuality "1"]

1. Nf3 Nf6 2. g3 g6 3. Bg2 Bg7 4. O-O O-O 5. c4 d6 6. Nc3 e5 7. d3 h6 8. Rb1 Re8 9. Nd2 Nc6 10. b4 a6 11. a4 Ne7 12. b5 axb5 13. axb5 d5 14. cxd5 Nexd5 15. Nde4 Nxc3 16. Nxc3 Rb8 17. Qc2 Be6 18. Ba3 Qd7 19. Na4 Bh3 20. Nc5 Qc8 21. Rfc1 Bxg2 22. Kxg2 Nd5 23. e4 Nf6 24. Nb3 Qd8 25. Bb2 Nh5 26. Qxc7 Qxd3 27. Qc4 Qd7 28. Qe2 Nf6 29. Nc5 Qd6 30. Nd3 Nh7 31. Rc3 Ng5 32. Nc5 b6 33. Rd1 Qe7 34. Rd7 Qf6 35. Na6 Rbc8 36. Rdc7 Rcd8 37. R7c6 Ne6 38. Nc7 Qg5 39. Rxe6 Rxe6 40. Nxe6 fxe6 41. Bc1 Qe7 42. Rc6 Qb4 43. Rxb6 Rc8 44. Qg4 Qc4 45. Be3 Kh7 46. Rxe6 g5 47. b6 Qd4 1-0

[Event "IIFL Wealth  4th Mumbai Junior U-13"]
[Site "Mumbai"]
[Date "2019.01.03"]
[Round "5"]
[White "Barde Om"]
[Black "Raghu Ram Reddy Seelam"]
[Result "1/2-1/2"]
[WhiteElo "1801"]
[BlackElo "1472"]
[Annotator "NA RC"]
[PlyCount "88"]
[EventDate "2018.12.30"]
[EventType "swiss"]
[EventCountry "IND"]
[SourceTitle "playchess.com"]
[Source "ChessBase"]
[SourceQuality "1"]

1. e4 e5 2. Nf3 Nc6 3. Bc4 Bc5 4. d3 Nf6 5. c3 a6 6. Bb3 Ba7 7. Bg5 d6 8. h3 h6 9. Bh4 Qe7 10. Nbd2 Be6 11. Qe2 g5 12. Bg3 Rg8 13. O-O-O O-O-O 14. Kb1 Bb6 15. Bc2 Qe8 16. Nf1 Qe7 17. Qe1 Rde8 18. a3 Nh5 19. Qd2 f5 20. Bh2 fxe4 21. dxe4 Qf6 22. Qe2 Nf4 23. Bxf4 gxf4 24. Rh2 Re7 25. N1d2 Reg7 26. Ne1 Qh4 27. f3 Qf2 28. g4 Qxe2 29. Rxe2 h5 30. Bb3 Bxb3 31. Nxb3 hxg4 32. hxg4 Rh8 33. Nd3 Rh3 34. Rf1 Ne7 35. Nd2 Ng6 36. Kc2 Nh4 37. Kd1 Rh7 38. Ne1 Ng6 39. Rg2 Nh4 40. Re2 Ng6 41. Rg2 Nh4 42. Re2 Ng6 43. Rg2 Nh4 44. Re2 Kd7 1/2-1/2

[Event "IIFL Wealth  4th Mumbai Junior U-13"]
[Site "Mumbai"]
[Date "2019.01.03"]
[Round "5"]
[White "Mahi Amit Doshi"]
[Black "Pranav Vijay"]
[Result "0-1"]
[WhiteElo "1551"]
[BlackElo "2265"]
[Annotator "TA"]
[PlyCount "91"]
[EventDate "2018.12.30"]
[EventType "swiss"]
[EventCountry "IND"]
[SourceTitle "playchess.com"]
[Source "ChessBase"]
[SourceQuality "1"]

1. d4 b6 2. Nf3 Bb7 3. Bf4 Nf6 4. Nbd2 g6 5. e3 Bg7 6. Be2 O-O 7. O-O d6 8. c3 Nbd7 9. Re1 Re8 10. Nc4 Ne4 11. h3 e5 12. Bh2 Qe7 13. Qc2 Ng5 14. Nxg5 Qxg5 15. Bg3 h5 16. Bf1 e4 17. a4 f5 18. a5 Rab8 19. a6 Bd5 20. Na3 h4 21. Bh2 Qd8 22. Nb5 Ra8 23. Qa4 Kh7 24. Bc4 Bc6 25. d5 Nc5 26. Qc2 Bd7 27. b4 Nd3 28. Reb1 Ne5 29. Be2 Rg8 30. Nd4 Qe7 31. Kf1 Qf7 32. Rd1 Rgf8 33. Rab1 Qxd5 34. f4 Nc4 35. Bxc4 Qxc4+ 36. Qe2 Qxe2+ 37. Kxe2 c5 38. bxc5 dxc5 39. Nc2 Ba4 40. Rdc1 Bxc3 41. Na3 Bf6 42. Nc4 Rfd8 43. Bg1 Bd7 44. Bf2 Bc8 45. Rb3 Bxa6 46. Ke1 0-1

[Event "IIFL Wealth  4th Mumbai Junior U-13"]
[Site "Mumbai"]
[Date "2019.01.03"]
[Round "5"]
[White "Jain Adi"]
[Black "Divya Deshmukh"]
[Result "0-1"]
[WhiteElo "1545"]
[BlackElo "2190"]
[Annotator "TA"]
[PlyCount "92"]
[EventDate "2018.12.30"]
[EventType "swiss"]
[EventCountry "IND"]
[SourceTitle "playchess.com"]
[Source "ChessBase"]
[SourceQuality "1"]

1. Nf3 Nf6 2. c4 g6 3. Nc3 d5 4. cxd5 Nxd5 5. d4 Bg7 6. Qa4+ Bd7 7. Qb3 Nb6 8. e3 O-O 9. Be2 Be6 10. Qd1 Nc6 11. O-O Bc4 12. Bxc4 Nxc4 13. b3 Nb6 14. Bb2 a5 15. Ne4 a4 16. Nc5 a3 17. Bc3 Nd5 18. Rc1 b6 19. Nd3 Qd6 20. Ba1 Ncb4 21. Nxb4 Nxb4 22. Qe2 Rfd8 23. Bc3 Nd5 24. Qc2 c5 25. dxc5 Qxc5 26. Bxg7 Qxc2 27. Rxc2 Kxg7 28. Rc4 Rdc8 29. Rd4 e6 30. Rd2 Nb4 31. Ra1 Rc5 32. Kf1 Rac8 33. Ke2 Rc2 34. Nd4 Rb2 35. Rxb2 axb2 36. Rb1 e5 37. a3 Nd5 38. Nb5 Rc5 39. Rxb2 Rxb5 40. b4 Nf6 41. Rd2 Rd5 42. Rc2 Rd7 43. Rc6 b5 44. Rb6 Nd5 45. Rb8 Nc3+ 46. Kf3 Ra7 0-1